000 00896nam a2200277 i 4500
003 DO-SdBNP
005 20231109090748.0
007 ta
008 231109b2023 dr ac||| |||| 00| 0 dr d
020 _a9789945635843
040 _aDO-SdBNP
_bspa
_cBNPHU
_erda
082 4 _222
100 _aCross, Marcos,
_eautor
_984606
245 1 0 _anotas sobre derecho consular /
_cexperencia de un cónsul ; prólogo, José J. Marte V.
264 _aSanto Domingo :
_bSantuario,
_c2023.
300 _a256 páginas :
_bilustraciones ;
_c23 cm.
336 _2rdacontent
_atexto
_btxt
337 _2rdamedia
_asin mediación
_bn
338 _2rdacarrier
_avolumen
_bnc
500 _aIncluye datos biográficos del autor en las solapas
504 _aBibliografía : p. 251-256
590 _aInventariado, 2023/BT
700 _aMarte V., José J.,
_eprólogo
_984607
910 _aBtavárez
942 _2ddc
_cLBS1
999 _c55433
_d55433